000 00551nam a2200205 i 4500
001 C2-0306173
003 PPAK
005 20180728091637.0
008 101006s xx |||| ||||| | may d
040 _aPPAK
_beng
_cPPAK
_erda
082 0 4 _a899.23
_223
090 0 0 _a899.23
_bSYA
_dKIH
245 0 0 _aSyair syamsul alam
_bMikrofis 185, jilid 2, kad 4, hal. 180-239
300 _a14 pages ;
_c28 cm
336 _2rdacontent
_atext
337 _2rdamedia
_aunmediated
338 _2rdacarrier
_avolume
650 1 0 _aMalay literature
942 _ddc
_cB
999 _c109110
_d109110